| 000 | 00623nam a22001937a 4500 | ||
|---|---|---|---|
| 005 | 20130816164435.0 | ||
| 010 | _aB-523671-674 | ||
| 020 |
_c295.00 _a9788184777994 |
||
| 035 | _aB-523671-674 | ||
| 037 |
_adpl _bKKP/VEN |
||
| 082 | _aN | ||
| 100 | _aMaggie, Stiefvater | ||
| 245 |
_aForever/ _cby Maggie Stiefvater |
||
| 260 |
_aUSA _bScholastic India Pvt.Ltd. _c2011 |
||
| 270 |
_aGolf View Corporate Tower-A,3rd Floor,dlf phase-v _bGurgaon _e122002 |
||
| 300 |
_a390p. _bill. _c15cm.(pbk) |
||
| 942 |
_2ddc _cCH _mSTI _hN |
||
| 999 |
_c78307 _d78307 |
||